00441 a2200169 4500001000700000020000600007040001100013100003600024240002500060245002000085300000700105362000900112697002100121942000700142952010300149999001900252183041 a  cMagnum aLoiola, Alessandro Lemos Passos10aVisão poesiaslpor10aVisão poesias a870 a1991 aLITERATURA GERAL cBK 00104070a32.5b32.5d2024-06-08l0o869.4.313pMAG00035856r2024-06-08 20:57:55w2024-06-08yBK c183041d183041